LEADER 01155nam0 2200385 450 001 990000998960203316 010 $a88-420-3238-7 035 $a0099896 035 $aUSA010099896 035 $a(ALEPH)000099896USA01 035 $a0099896 100 $a20020227d1988----km-y0ITAy01------ba 101 $aita 102 $aIT 105 $aa 00||| 200 1 $aRestaurazione e pacifico Stato in Sicilia$e1377-1501$fIlluminato Peri 210 $aRoma [ecc.]$cLaterza$d1988 215 $a228 p.$cill.$d21 cm 225 2 $aCollezione storica 312 $aTit. sul dorso: Pacifico Stato in Sicilia 410 0$12001$aCollezione storica 517 0 $aPacifico stato in Sicilia 607 $aSicilia$xStoria$zSec. 14.-15. 676 $a945.8 700 1$aPERI,$bIlluminato$0180159 801 0$aIT$bsalbc$gISBD 912 $a990000998960203316 951 $aIII A COLL.36/38$b94896 LM$cIII A COLL. 959 $aBK 969 $aUMA 979 $aPATTY$b90$c20020227$lUSA01$h0954 979 $c20020403$lUSA01$h1741 979 $aPATRY$b90$c20040406$lUSA01$h1709 996 $aRestaurazione e pacifico Stato in Sicilia$9971172 997 $aUNISA LEADER 01951nam 2200409 n 450 001 996390790703316 005 20200824121859.0 035 $a(CKB)4940000000105586 035 $a(EEBO)2240929717 035 $a(UnM)99855724e 035 $a(UnM)99855724 035 $a(EXLCZ)994940000000105586 100 $a19920908d1567 uy | 101 0 $agre 135 $aurbn||||a|bb| 200 04$aThe VIII. bookes of Xenophon, containinge the institutio[n], schole, and education of Cyrus, the noble Kynge of Persye$b[electronic resource] $ealso his ciuill and princelye estate, his expedition into Babylon, Syria and Aegypt, and his exhortation before his death, to his children. Translated out of Greeke into Englishe by M. William Bercker [sic] 210 $a[London] $cImprinted [by Reginalde Wolfe]$danno Domini M.D.LXVII. [1567] 215 $a[446] p 300 $aA translation of: Cyropaedia. 300 $aPrinter's name from colophon. 300 $aSignatures: A? B-X Y (-Y4, + "Y.iiii"."Y.v") Z ² A-² E ² F² . 300 $a"Apparently the original leaf Y4 was cancelled and a quarter sheet, the leaves of which are marked Y.iiii and Y.v. respectively, substituted"--F.S. Ferguson notes. 300 $aRunning title reads: The schole of Cyrus ... 300 $aVariant: with the dedication to the Earl of Pembroke from STC 26066. 300 $aQuire ² F in two settings: ² F1r begins: (1) "spende." or (2) "spend.". 300 $aReproduction of the original in the Henry E. Huntington Library and Art Gallery. 330 $aeebo-0113 700 $aXenophon$075253 701 $aBarker$b William$ffl. 1572.$01001510 801 0$bCu-RivES 801 1$bCu-RivES 801 2$bCStRLIN 801 2$bWaOLN 906 $aBOOK 912 $a996390790703316 996 $aThe VIII. bookes of Xenophon, containinge the institutio, schole, and education of Cyrus, the noble Kynge of Persye$92368675 997 $aUNISA LEADER 01357nam 2200457 450 001 9910797125403321 005 20230607205816.0 010 $a0-7123-6342-4 035 $a(CKB)3710000000422784 035 $a(SSID)ssj0001499915 035 $a(PQKBManifestationID)12475480 035 $a(PQKBTitleCode)TC0001499915 035 $a(PQKBWorkID)11512891 035 $a(PQKB)10273414 035 $a(MiAaPQ)EBC3544017 035 $a(Au-PeEL)EBL3544017 035 $a(CaPaEBR)ebr11064288 035 $a(OCoLC)606896717 035 $a(EXLCZ)993710000000422784 100 $a20010815d2002 fy| 0 101 0 $aeng 135 $aurcnu|||||||| 181 $ctxt 182 $cc 183 $acr 200 00$aAlasdair Gray $ecritical appreciations and a bibliography /$fedited by Phil Moores 210 1$aBoston Spa :$cBritish Library,$d2002. 215 $a1 online resource (267 pages) $cillustrations (some color) 300 $a"The British Library's Critical Appreciations series"--P. x. 311 $a0-7123-1129-7 607 $aScotland$xIn literature$vBibliography 607 $aScotland$xIn literature 676 $a823/.914 702 $aMoores$b Phil 801 0$bMiAaPQ 801 1$bMiAaPQ 801 2$bMiAaPQ 906 $aBOOK 912 $a9910797125403321 996 $aAlasdair Gray$93789103 997 $aUNINA